[Event "EU-ch02 blind "]
[Site "Krynica"]
[Date "1999.??.??"]
[Round "9"]
[White "Tatarczak, Jan"]
[Black "Mlacnik, Franc"]
[Result "0-1"]
[WhiteElo "2105"]
[BlackElo "2175"]

1.c4 c6 2.Nf3 d5 3.e3 Nf6 4.Nc3 e6 5.Qc2 Nbd7 6.d4 Be7 7.Bd2 b6 8.cxd5 exd5
9.Bd3 Bb7 10.O-O O-O 11.Ng5 h6 12.Nh3 c5 13.f4 Rc8 14.Nf2 Re8 15.Rae1 Bd6
16.Qd1 Nf8 17.Nb5 Bb8 18.dxc5 bxc5 19.Ng4 Nxg4 20.Qxg4 a6 21.Na3 Nh7 22.Bc3 Nf6
23.Qf5 d4 24.exd4 Rxe1 25.Rxe1 cxd4 26.Bd2 Rc6 27.Ba5 Qd6 28.Nc4 Qxf4 29.Qxf4 Bxf4
30.Bb6 Be3+ 31.Nxe3 Rxb6 32.Nc4 Re6 33.Rxe6 fxe6 34.Nd6 Bd5 35.a3 a5 36.b4 axb4
37.axb4 Kf8 38.b5 Ke7 39.Nc4 Bxc4 40.Bxc4 e5 41.Kf2 Kd6 42.Kf3 Kc5 43.Bd3 Kd5  0-1

[Event "La Coruna op 10th"]
[Site "La Coruna"]
[Date "1999.??.??"]
[Round "2"]
[White "Timon Piote, Silvia"]
[Black "Salgado Lopez, Oscar"]
[Result "1-0"]
[WhiteElo "2155"]
[BlackElo "2135"]

1.c4 c6 2.Nf3 d5 3.d4 Nf6 4.e3 Bf5 5.cxd5 cxd5 6.Nc3 e6 7.Ne5 Nbd7 8.g4 Bg6
9.h4 Bb4 10.h5 Be4 11.f3 Qc7 12.Bd2 Nxg4 13.fxe4 Ngxe5 14.dxe5 Qxe5 15.Rg1 Qh2
16.Rg2 Qh4+ 17.Rf2 Bd6 18.e5 Bxe5 19.Qf3 O-O 20.O-O-O a6 21.Bd3 b5 22.Rh1 Qe7
23.Kb1 Nc5 24.Bc2 Rab8 25.Rg2 Na4 26.Rhg1 f5 27.Bb3 Nxb2 28.Kxb2 b4 29.Rxg7+ Qxg7
30.Rxg7+ Kxg7 31.h6+ Kh8 32.e4 Rbc8 33.Kb1 bxc3 34.Bf4 Bf6 35.exf5 c2+ 36.Bxc2 e5
37.Bd2 Rg8 38.Qxd5 Rb8+ 39.Bb3 Rg1+ 40.Kc2 Rc8+ 41.Bc3 e4 42.Bc4 Rg2+ 43.Bd2 Rd8
44.Qxe4 Rgxd2+ 45.Kb3 Rb2+ 46.Ka4 Rb6 47.Qe2 Bc3 48.a3 Rxh6 49.Qe7 Rb8 50.Qc7 Rf8
51.Qe7 Rhf6 52.Be6 a5 53.Qc5 Bd2 54.Qe5 Kg7 55.Qd4 Bg5 56.Kxa5 h5 57.Kb5 Kh6
58.a4 Rb8+ 59.Kc6 h4 60.a5 h3 61.Qd3 Rc8+ 62.Kb7 Rc1 63.Qxh3+ Kg7 64.Qd3 Rh6
65.Qd7+ Kf6 66.Qd4+ Ke7 67.Qg7+ Kd6 68.Qxg5 Rh7+ 69.Kb6 Rb1+ 70.Ka6 Rbb7
71.Qf4+ Kc6 72.Qe4+  1-0

[Event "Miskolc Avas op"]
[Site "Miskolc"]
[Date "1999.??.??"]
[Round "9"]
[White "Bakos, Eduard"]
[Black "Hlinka, Vasil"]
[Result "1/2-1/2"]
[WhiteElo "2100"]
[BlackElo "2185"]

1.c4 c6 2.g3 d5 3.Bg2 Nf6 4.d4 Bf5 5.Nc3 e6 6.Nf3 Bd6 7.O-O O-O 8.c5 Be7
9.Ne5 b6 10.b4 a5 11.Na4 Nfd7 12.Nxd7 Nxd7 13.Bd2 axb4 14.Bxb4 bxc5 15.dxc5 Qb8
16.a3 Qa7 17.Nb6 Nxb6 18.cxb6 Qb7 19.Bxe7 Qxe7 20.Qb3 Rfb8 21.a4 Qc5 22.a5 Rxa5
23.Rxa5 Qxa5 24.b7 Qa7 25.e4 Rxb7 26.Qc3 dxe4 27.Qxc6 Rb8 28.Bxe4 Bh3 29.Rc1 g6
30.Bg2 Bxg2 31.Kxg2 Qb7 32.Kf3 Qxc6+ 33.Rxc6 Rb7 34.Ra6 Kg7 35.Rc6 g5 36.Ra6 Kg6
37.h3 Rb4 38.Rc6 Rb3+ 39.Kg2 h5 40.Ra6 Rb4 41.Rc6 g4 42.h4 Re4 43.Ra6 f5
44.Ra8 f4 45.gxf4 Rxf4 46.Rg8+ Kf6 47.Rf8+ Ke5 48.Ra8 Rf5 49.Ra5+ Kf6 50.Ra6 Rd5
51.Ra8 Kf5 52.Ra4 Rd3 53.Ra8 Rh3 54.Rf8+ Ke4 55.Re8 e5 56.Ra8 Rxh4 57.Rf8 Rh3
58.Rh8 Kf5 59.Rf8+ Ke6 60.Re8+ Kf6 61.Rf8+ Ke7 62.Rh8 e4 63.Rh6 Kf7 64.Rh8 Kg6
65.Rg8+ Kf5 66.Rf8+ Kg5 67.Rg8+ Kf5 68.Rf8+ Ke5 69.Rh8 Kd4 70.Rd8+ Kc4 71.Re8 Kd3
72.Rd8+ Ke2 73.Re8 e3 74.Re5 Kd3 75.fxe3 h4 76.Rg5 Rg3+ 77.Kf2 Rf3+ 78.Kg1 g3
79.Rh5 h3 80.Rxh3 Kxe3  1/2-1/2

[Event "South Wales 3rd"]
[Site "Newport"]
[Date "1999.??.??"]
[Round "8"]
[White "Turner, Matthew"]
[Black "Cobb, Charles"]
[Result "1/2-1/2"]
[WhiteElo "2475"]
[BlackElo "2270"]

1.c4 c6 2.d4 d5 3.Nc3 dxc4 4.e3 b5 5.a4 b4 6.Na2 a5 7.Bxc4 Ba6 8.b3 Nf6 9.Nf3 e6
10.Bb2 Be7 11.O-O O-O 12.Rc1 Nbd7 13.Bxa6 Rxa6 14.Qe2 Qb6 15.Rc4 Qb7 16.Nc1 Ne4
17.Ne5 Nxe5 18.dxe5 Nc5 19.Bd4 Nd7 20.Nd3 Rc8 21.Rfc1 c5 22.Bxc5 Bxc5 23.Nxc5 Nxc5
24.Rxc5 Rxc5 25.Rxc5 Rc6 26.Qc4 Rxc5 27.Qxc5 Qa8 28.Kf1 h6 29.f3 Qa6+ 30.Qb5 Qc8
31.Qxa5 Qc1+ 32.Kf2 Qc2+ 33.Kg3 Qg6+ 34.Kf2 Qc2+  1/2-1/2

[Event "South Wales 3rd"]
[Site "Newport"]
[Date "1999.??.??"]
[Round "9"]
[White "Webster, Andrew"]
[Black "Cast, Abigail"]
[Result "1/2-1/2"]
[WhiteElo "2425"]
[BlackElo "2115"]

1.c4 c6 2.Nf3 d5 3.b3 Nf6 4.g3 g6 5.Bg2 Bg7 6.Bb2 O-O 7.O-O e6 8.d3 Nbd7
9.Nbd2 Re8 10.Qc2 Qc7 11.b4 b6 12.cxd5 exd5 13.e3 Bb7 14.Rac1 Rac8 15.Nb3 Qd6
16.a3 c5 17.bxc5 Nxc5 18.Nxc5 Rxc5 19.Qa4 Ra5 20.Qb4 Qxb4 21.axb4 Ra2 22.Bd4 Ba6
23.Ne5 Rd2 24.Rfd1 Rxd1+ 25.Rxd1 Bb5 26.Ra1 Re7 27.f4 Rc7 28.Bf1 Nd7 29.Nf3 Bf8
30.Rb1 Nb8 31.Be5 Rc8 32.Nd4 Be8 33.Bg2 Nc6 34.Nxc6 Bxc6 35.b5 Bb7 36.Ra1 Ra8
37.Rc1 Re8 38.Rc7 Re7 39.Rxb7 Rxb7 40.Bxd5 Rd7 41.e4 Bd6 42.Bxd6 Rxd6 43.Kf2 Rd7
44.Ke3 Rc7 45.Bc4 Kf8 46.g4 h6 47.h4 Ke7 48.Kd4 f6 49.e5 Rc5 50.g5 hxg5 51.hxg5 fxe5+
52.fxe5  1/2-1/2

[Event "GER-ch U16 Girls"]
[Site "Oberhof"]
[Date "1999.??.??"]
[Round "?"]
[White "Gorka, Christiane"]
[Black "Mietzner, Tina"]
[Result "0-1"]
[WhiteElo "1675"]
[BlackElo "2085"]

1.c4 c6 2.e4 e5 3.d4 Qc7 4.a3 Nf6 5.Nc3 d6 6.Nf3 Be7 7.Be2 O-O 8.O-O Re8
9.d5 Nbd7 10.b4 Nf8 11.Bd2 h6 12.Ne1 g5 13.Nd3 Ng6 14.f3 Nh5 15.Rf2 Nhf4
16.Bf1 Kh7 17.Be1 Rg8 18.Kh1 Bf8 19.Ne2 Nxe2 20.Rxe2 Nf4 21.Rc2 f6 22.Bf2 Qg7
23.Be3 Qg6 24.Bxf4 gxf4 25.c5 cxd5 26.exd5 Bf5 27.Rd2 h5 28.cxd6 Bxd6 29.Nc5 Bxc5
30.bxc5 e4 31.fxe4 Bxe4 32.Raa2 f3 33.Qc1 Qg5 34.g3 h4 35.Qc4 f5 36.Bd3 Qe3
37.Bxe4 Qe1+  0-1

[Event "Komercni Banka op"]
[Site "Pardubice"]
[Date "1999.??.??"]
[Round "4"]
[White "Janz, Frerik"]
[Black "Kodinets, Konstantin L"]
[Result "1/2-1/2"]
[WhiteElo "2284"]
[BlackElo "2410"]

1.c4 c6 2.e4 e5 3.Nf3 d6 4.d4 Nd7 5.Nc3 Ngf6 6.g3 Be7 7.Bg2 O-O 8.O-O a6
9.Re1 Re8 10.h3 Bf8 11.d5 cxd5 12.cxd5 b5 13.Nd2 Nb6 14.a4 b4 15.Ncb1 a5
16.Nf1 Nfd7 17.Ne3 Nc5 18.f3 Qd7 19.Bf1 Ncxa4 20.Nd2 Nc5 21.Ndc4 Nxc4 22.Nxc4 Qc7
23.b3 Bd7 24.Nb2 Rec8 25.Be3 g6 26.Rc1 Qb8 27.Bxc5 Rxc5 28.Rxc5 Qa7 29.Nd3 f6
30.Kg2 dxc5 31.Nb2 Bd6 32.Qd2 Qc7 33.Ra1 Kg7 34.Bc4 h5 35.Qe2 Qb7 36.Na4 Rb8
37.Nb2 Qc7 38.Bd3 Kh7  1/2-1/2

[Event "CZE-ch op"]
[Site "Plzen"]
[Date "1999.??.??"]
[Round "?"]
[White "Polak, Tomas"]
[Black "Jirka, Jiri"]
[Result "1-0"]
[WhiteElo "2488"]
[BlackElo "2173"]

1.c4 c6 2.e4 e5 3.Nf3 Qa5 4.Nc3 Nf6 5.Bd3 Bc5 6.O-O d6 7.h3 Qc7 8.Bc2 Be6
9.b3 a5 10.d4 exd4 11.Nxd4 O-O 12.Bg5 Nfd7 13.Kh1 Nb6 14.f4 Bxd4 15.Qxd4 f6
16.Bh4 Na6 17.Bf2 Nc8 18.Rad1 Qd7 19.Bg3 f5 20.e5 Rd8 21.Bh4 Re8 22.exd6 c5
23.Qf2 Na7 24.Na4 Qc6 25.Qf3  1-0

[Event "Recklinghausen op"]
[Site "Recklinghausen"]
[Date "1999.??.??"]
[Round "4"]
[White "Gausel, Einar"]
[Black "Bagirov, Vladimir"]
[Result "1/2-1/2"]
[WhiteElo "2500"]
[BlackElo "2470"]

1.c4 c6 2.d4 d5 3.Nf3 Nf6 4.e3 Bf5 5.Bd3 Bxd3 6.Qxd3 e6 7.O-O Nfd7 8.Nbd2 Be7
9.b3 O-O 10.Bb2 a5 11.e4 dxe4  1/2-1/2

[Event "Sportland-NRW-Cup"]
[Site "Senden"]
[Date "1999.??.??"]
[Round "6"]
[White "Topp, Michael"]
[Black "Meier, Jan"]
[Result "1-0"]
[WhiteElo "1720"]
[BlackElo "1750"]

1.c4 c6 2.d4 d5 3.cxd5 cxd5 4.Nc3 Nc6 5.Nf3 Nf6 6.Bf4 e6 7.e3 Bd6 8.Bg3 O-O
9.Bb5 Bxg3 10.hxg3 a6 11.Bd3 b5 12.Ne5 Nxe5 13.dxe5 Ne4 14.Nxe4 dxe4 15.Bxe4 Qxd1+
16.Rxd1 Ra7 17.Bxh7+ Kh8 18.Rd4 Rc7 19.Ke2 g5 20.Rg4 f6 21.Be4+ Kg8 22.exf6 Rc5
23.b4 Re5 24.Bh7+ Kf7 25.f4 Rd5 26.Be4  1-0

[Event "Sevilla op"]
[Site "Sevilla"]
[Date "1999.??.??"]
[Round "2"]
[White "Lalic, Bogdan"]
[Black "Zarandieta, JL."]
[Result "1-0"]
[WhiteElo "2560"]
[BlackElo "2175"]

1.c4 c6 2.d4 d5 3.Nf3 Nf6 4.Nc3 dxc4 5.a4 Bf5 6.Nh4 Bc8 7.e3 e5 8.Bxc4 exd4
9.exd4 Be7 10.O-O O-O 11.h3 Nd5 12.Nf3 Bf6 13.Re1 Be6 14.Qb3 Na6 15.Ne4 Rb8
16.Bg5 Nac7 17.Qd3 h6 18.Bd2 Bf5 19.Ne5 Ne6 20.Bxd5 Bxe5 21.Bxe6 fxe6 22.Bc3 Qd5
23.Qe3 Bc7 24.a5 Rf7 25.Ng3 Re8 26.Qe2 Bg6 27.Nf1 Rf4 28.Ne3 Qg5 29.Ng4 h5
30.Ne5 Be4 31.f3 Rh4 32.fxe4  1-0

[Event "Villa de Sitges 35th"]
[Site "Sitges"]
[Date "1999.??.??"]
[Round "6"]
[White "Ayas Fernandez, Antonio"]
[Black "Ballon, Guenther Jan"]
[Result "1-0"]
[WhiteElo "2350"]
[BlackElo "2270"]

1.c4 c6 2.e4 e5 3.Nf3 d6 4.d4 Qc7 5.h3 Nf6 6.Nc3 Be7 7.Be2 Nbd7 8.O-O O-O
9.b3 Re8 10.Re1 Nf8 11.Bf1 Ng6 12.Bb2 b6 13.Qc2 Bb7 14.Rad1 Bf8 15.g3 Rad8
16.Bg2 h6 17.a3 a6 18.Qb1 Bc8 19.Rd2 Be7 20.Nd1 Nh7 21.Ne3 Ng5 22.Nf5 Nxf3+
23.Bxf3 Bg5 24.Rdd1 Bf6 25.Bg2 Ne7 26.Ne3 Bg5 27.Qc2 Bxe3 28.Rxe3 c5 29.d5 f5
30.f4 fxe4 31.Bxe4 Bxh3 32.fxe5 dxe5 33.Bxe5 Qd7 34.d6 Nf5 35.Bd5+ Kh8 36.Rde1 Bg4
37.Rc1 Rxe5 38.Rxe5 Qxd6 39.Rce1 Rf8 40.Qc3 Nd4 41.R5e3 Nf3+ 42.Bxf3 Qxg3+
43.Bg2 Qf2+ 44.Kh1 Qh4+ 45.Bh3  1-0

[Event "St Lorrain Masters-B"]
[Site "St Lorrain"]
[Date "1999.??.??"]
[Round "?"]
[White "Adrian, Claude"]
[Black "Legky, Nikolay A"]
[Result "1/2-1/2"]
[WhiteElo "2315"]
[BlackElo "2495"]

1.c4 c6 2.Nf3 d5 3.d4 dxc4 4.g3 Nf6 5.Bg2 Bf5 6.Nc3 Nbd7 7.O-O e6 8.Bf4 Be7
9.Qc1 O-O 10.Rd1 Rc8 11.Ne5 Nxe5 12.dxe5 Nd7 13.Ne4 Bxe4 14.Bxe4 Qc7 15.Qxc4 Rfd8
16.Bc2 Nf8 17.h4 Ng6 18.h5 Nxf4 19.Qxf4 Rd5 20.Rxd5 cxd5 21.Bb3 h6 22.Kg2 Qc5
23.Rd1 Bg5 24.Qd4 Qxd4 25.Rxd4 Bc1 26.Rb4 b6 27.Ba4 Rc4 28.Rxc4 dxc4 29.Bb5 Bxb2
30.Bxc4 Bxe5 31.Kf3 Kf8 32.Ke4 Bc3 33.g4 Ke7 34.Bb5 g6 35.f3 gxh5 36.gxh5 Kf6
37.Be8 a6 38.a4 Ke7 39.Bc6 Kd6 40.Be8 f5+ 41.Kd3 Bf6 42.e4 Kc5 43.exf5 exf5
44.Bd7 Kb4 45.Kc2  1/2-1/2

[Event "Sulzfeld op 10th"]
[Site "Sulzfeld"]
[Date "1999.??.??"]
[Round "1"]
[White "Loeber, Wolfgang"]
[Black "Heyse, Juergen"]
[Result "1-0"]
[WhiteElo "2185"]
[BlackElo "1645"]

1.c4 c6 2.e4 d5 3.exd5 cxd5 4.cxd5 Qxd5 5.Nc3 Qa5 6.d4 e6 7.Nf3 Bb4 8.Bd2 Nf6
9.Bd3 Nbd7 10.O-O O-O 11.Re1 Rd8 12.Rc1 Nf8 13.Re5 Nd5 14.Nxd5 exd5 15.Rc5 Qxa2
16.Bxb4 Qxb2 17.Bc3 Qa3 18.Nd2 Bd7 19.Nb1 Ba4 20.Qe1 Qb3 21.Nd2 Qd1 22.Qxd1 Bxd1
23.Rcxd5 Rdc8 24.Rc5 Rd8 25.Re7 Ne6 26.Rf5 Rf8 27.Bc4 Bg4 28.Rb5 Nf4 29.Rg5 Bh5
30.Re4 h6 31.Rge5 a5 32.Rxf4  1-0

[Event "Sutton op"]
[Site "Sutton"]
[Date "1999.??.??"]
[Round "1"]
[White "Rice, Christopher"]
[Black "Houska, Jovanka"]
[Result "0-1"]
[WhiteElo "2094"]
[BlackElo "2286"]

1.c4 c6 2.b3 d5 3.Bb2 Nf6 4.Nf3 Bg4 5.e3 Nbd7 6.Be2 e6 7.O-O Bd6 8.d4 O-O
9.Nbd2 a5 10.a3 Ne4 11.Nxe4 dxe4 12.Nd2 Bxe2 13.Qxe2 f5 14.f3 exf3 15.Nxf3 Nf6
16.Nd2 Qc7 17.h3 g6 18.e4 Bh2+ 19.Kh1 Nh5 20.Rf3 Ng3+ 21.Rxg3 Bxg3 22.exf5 exf5
23.Qe6+ Qf7 24.Qe3 Bc7 25.Nf3 Rae8 26.Ne5 Qg7 27.Re1 Re7 28.b4 f4 29.Qb3 a4
30.Qf3 Bxe5 31.dxe5 Qf7 32.Re4 Qf5 33.Kh2 Re6 34.b5 c5 35.Re2 Rd8 36.Qxb7 Qd3
37.Qf3 Qxc4 38.Qg4 h5 39.Qg5 Rf8 40.Rf2 Qxb5 41.Bc1 Qb1 42.Rxf4 Rxf4 43.Bxf4 Qf5
44.Qd8+ Qf8 45.Qd2 c4 46.Bh6 Qf5 47.Qd8+ Kh7 48.Bg5 Qxe5+ 49.Kh1 Qg7 50.Bd2 Qe7
51.Qc8 Qf7 52.Bc3 Re8 53.Qc6 Rd8 54.Qxa4 Qf1+ 55.Kh2 Qf4+  0-1

[Event "SVK-chT 9899"]
[Site "SVK"]
[Date "1999.??.??"]
[Round "4"]
[White "Fabian, Jaroslav"]
[Black "Pcola, Pavel"]
[Result "0-1"]
[WhiteElo "2240"]
[BlackElo "2405"]

1.c4 c6 2.d4 d5 3.Nf3 Nf6 4.Nc3 e6 5.Bg5 h6 6.Bh4 dxc4 7.e3 b5 8.a4 Bb4 9.Be2 Bb7
10.Qc2 Nbd7 11.O-O a6 12.b3 cxb3 13.Qxb3 Be7 14.Rfd1 O-O 15.e4 b4 16.e5 Nd5
17.Bxe7 Qxe7 18.Ne4 c5 19.Nxc5 Nxc5 20.dxc5 Nc3 21.Re1 Qxc5 22.a5 Rfd8 23.Qc4 Rac8
24.Qxc5 Rxc5 25.Bd1 Nxd1 26.Raxd1 Rxd1 27.Rxd1 Bxf3 28.gxf3 Rxa5  0-1

[Event "SVK-chT 9899"]
[Site "SVK"]
[Date "1999.??.??"]
[Round "5"]
[White "Ruckschloss, Karol"]
[Black "Kolesar, Milan"]
[Result "1-0"]
[WhiteElo "2190"]
[BlackElo "2240"]

1.c4 c6 2.Nc3 d5 3.d4 Nf6 4.e3 g6 5.Be2 Bg7 6.h4 h5 7.Nh3 Nbd7 8.cxd5 Nxd5
9.Ng5 N7b6 10.e4 Nc7 11.Be3 Ne6 12.Nf3 Nc7 13.Qd2 Bg4 14.Rd1 Bxf3 15.gxf3 e6
16.a4 O-O 17.Bg5 Qd6 18.a5 Nc8 19.e5 Qb4 20.Ne4 Qxd2+ 21.Rxd2 Nd5 22.O-O Nce7
23.Rc1 Rfc8 24.Nd6 Rc7 25.Bc4 a6 26.Ne4 Bf8 27.Rd3 Rac8 28.Nd6 Rb8 29.Rb3 Rd7
30.Bxa6 Nf5 31.Nxf5 gxf5 32.Bc4 Nb4 33.Bd2 c5 34.Bc3 Ra8 35.dxc5 Nc6 36.Rb5 Na7
37.Rb6 Bxc5 38.Rb3 Nc6 39.Rb5 Be7 40.b4 Rad8 41.Kg2 Na7 42.Rb6 Nc8 43.Rb5 Na7
44.Rb6 Rc7 45.Bf1 Rdc8 46.Bd2 Rxc1 47.Bxc1 Rxc1 48.Rxb7 Nc6 49.b5 Bb4 50.a6 Nd8
51.Rb8 Bc5 52.Rxd8+ Kg7 53.Rc8 Rc2 54.Rxc5  1-0

[Event "SVK-chT 9899"]
[Site "SVK"]
[Date "1999.??.??"]
[Round "9"]
[White "Seckar, Milos"]
[Black "Horvath, M."]
[Result "0-1"]
[WhiteElo "2135"]
[BlackElo "2245"]

1.c4 c6 2.d4 d5 3.Nf3 Nf6 4.e3 a6 5.Bd3 b5 6.c5 Bg4 7.Qc2 Nbd7 8.Nbd2 g6
9.h3 Bxf3 10.Nxf3 Bg7 11.O-O O-O 12.Bd2 a5 13.Rac1 Qc7 14.Nh2 e5 15.Qd1 Rfe8
16.Bb1 Nf8 17.dxe5 Qxe5 18.Bc3 Qe7 19.Nf3 Ne6 20.b4 axb4 21.Bxb4 Qc7 22.Nd4 Nxd4
23.exd4 Nd7 24.Bc3 Nf8 25.Qd2 Ne6 26.Rce1 Nf8 27.Rxe8 Rxe8 28.Bc2 Qa7 29.f4 f5
30.g4 fxg4 31.hxg4 Qe7 32.Qf2 Qe3 33.Bb2 Qxf2+ 34.Kxf2 Ne6 35.Re1 Ra8 36.Rxe6 Rxa2
37.Ke3 Rxb2 38.Bd3 Rb4 39.Rxc6 Bxd4+ 40.Kd2 Rb2+ 41.Bc2 b4 42.Kd3 Bf2 43.Rc8+ Kf7
44.Ba4 Ra2 45.Bb3 Ra3 46.Kc2 Ke6 47.Rc6+ Ke7 48.f5 gxf5 49.gxf5 Ra5 50.Re6+ Kf7
51.c6 Rc5+ 52.Kd2 Bg3 53.Bc2 Bf4+ 54.Kd1 h5 55.Bb3 Rc3 56.Ba4 b3 57.c7 Bxc7
58.Be8+ Kf8 59.Bxh5 b2  0-1

[Event "SVK-chT 9899"]
[Site "SVK"]
[Date "1999.??.??"]
[Round "11"]
[White "Seckar, Milos"]
[Black "Kriz, Oliver"]
[Result "1-0"]
[WhiteElo "2135"]
[BlackElo "2225"]

1.c4 c6 2.d4 d5 3.Nf3 Nf6 4.Nc3 dxc4 5.a4 Bf5 6.e3 e6 7.Bxc4 Bb4 8.O-O Nbd7
9.Qb3 Qb6 10.Ne2 Bd6 11.Ng3 Bg4 12.Nd2 Qc7 13.e4 Bxg3 14.hxg3 Nb6 15.Bd3 Rd8
16.a5 Nc8 17.Qc3 O-O 18.Nb3 Nd7 19.Bf4 e5 20.dxe5 Be6 21.Bc2 h6 22.Nd4 g5
23.Nxe6 fxe6 24.Be3 Nxe5 25.Bb3 Rde8 26.Bd4 Ng6 27.Rac1 a6 28.Bc5 Rf7 29.Rcd1 g4
30.Bc4 Kh7 31.b4 Qe5 32.Bd4 Qh5 33.Qb3 Nf8 34.Bc5 Qg6 35.Bxf8 Rfxf8 36.Rd7+ Rf7
37.Rfd1 Kg7 38.Qb2+ Qf6 39.Qe2 h5 40.Qe3 Rf8 41.e5 Qg6 42.Kh2 Re8 43.Bd3 Rxd7
44.Bxg6 Rxd1 45.Bxe8 Kf8 46.Bxh5 Ke7 47.Bxg4  1-0

[Event "SWE-chT 9899"]
[Site "Sweden"]
[Date "1999.??.??"]
[Round "6"]
[White "Backelin, Rikard"]
[Black "Andersson, Mats"]
[Result "1/2-1/2"]
[WhiteElo "2300"]
[BlackElo "2320"]

1.c4 c6 2.d4 d5 3.cxd5 cxd5 4.Nc3 Nc6 5.Bf4 Nf6 6.e3 a6 7.Nf3 Bg4 8.Be2 e6
9.O-O Bd6 10.Bg5 O-O 11.Rc1 Be7 12.Na4 Ne4 13.Bxe7 Qxe7 14.a3 Rac8 15.h3 Bh5
16.Nc5 Nxc5 17.Rxc5 Bxf3 18.Bxf3 Ne5 19.Rxc8 Nxf3+ 20.Qxf3 Rxc8  1/2-1/2

[Event "SWE-chT 9899"]
[Site "Sweden"]
[Date "1999.??.??"]
[Round "6"]
[White "Cramling, Dan"]
[Black "Ernst, Thomas"]
[Result "1-0"]
[WhiteElo "2445"]
[BlackElo "2410"]

1.c4 c6 2.e4 d5 3.exd5 cxd5 4.cxd5 Nf6 5.Nc3 Nxd5 6.Nf3 Nxc3 7.bxc3 g6 8.d4 Bg7
9.Bd3 O-O 10.O-O Nc6 11.Re1 Qa5 12.Bd2 e5 13.Be4 exd4 14.cxd4 Qd8 15.Bg5 Qd6
16.Bxc6 Qxc6 17.d5 Qc4 18.Be7 Re8 19.Rc1 Qxa2 20.d6 Be6 21.Ng5 Bf8 22.Nxe6 fxe6
23.d7 Rxe7 24.Rc8 Rxd7 25.Qxd7 Rxc8 26.Qxc8 Qd5 27.h3 a5 28.Qxe6+ Qxe6 29.Rxe6 Bc5
30.Re8+ Kf7 31.Rh8 b5 32.Rb8 b4 33.Rb5 Bd4 34.Kf1 Ke6 35.Ke2 Kd6 36.Rxa5 b3
37.Rb5 b2 38.f3 Kc6 39.Rb3 Kc5 40.Kd3  1-0

[Event "SWE-chT 9899"]
[Site "Sweden"]
[Date "1999.??.??"]
[Round "7"]
[White "Agrest, Evgenij"]
[Black "Ingbrandt, Johan"]
[Result "1-0"]
[WhiteElo "2525"]
[BlackElo "2390"]

1.c4 c6 2.Nf3 d5 3.e3 Nf6 4.Nc3 g6 5.cxd5 cxd5 6.Bb5+ Nc6 7.Ne5 Bd7 8.Bxc6 bxc6
9.Na4 Bg7 10.O-O O-O 11.Nc5 Be8 12.d4 Ne4 13.Ned3 Nxc5 14.Nxc5 e5 15.b3 exd4
16.exd4 Bd7 17.Bf4 Re8 18.Qd2 Bf5 19.Rac1 Qb6 20.Be3 a5 21.Na4 Qa6 22.Rfd1 Bf8
23.Nc5 Qb5 24.h3 h5 25.a4 Qb6 26.Qc3 Rac8 27.Bd2 Ra8 28.Re1 Bg7 29.Bf4 Rad8
30.Qd2 Rc8 31.Be5 f6 32.Bf4 Kf7 33.Qc3 Bf8 34.Bd2 Rxe1+ 35.Rxe1 Ra8 36.Qe3 Qc7
37.Qf3 Bd6 38.Qc3 Bf8 39.Qe3 Qe7 40.Qf4 Qd6 41.Qf3 Ra7 42.g4 hxg4 43.hxg4 Bc8
44.Nd3 Kg8 45.Nf4 Rh7 46.Qg3 Kf7 47.Qd3 Rh6 48.Qe2 Bd7 49.f3 Qb8 50.Nd3 Rh3
51.Bf4 Qa7 52.Kg2 Rh7 53.Qf2 Qb6 54.Qb2 Kg8 55.Qc3 g5 56.Bg3 Re7  1-0

[Event "SWE-chT 9899"]
[Site "Sweden"]
[Date "1999.??.??"]
[Round "11"]
[White "Jaderberg, Bjorn"]
[Black "Hultin, Johan"]
[Result "1/2-1/2"]
[WhiteElo "2338"]
[BlackElo "2358"]

1.c4 c6 2.e4 d5 3.exd5 cxd5 4.cxd5 Nf6 5.Nc3 Nxd5 6.Nf3 e6 7.d4 Be7 8.Bb5+ Nc6
9.O-O O-O 10.Re1 a6 11.Bd3 Ncb4 12.Bb1 b5 13.Ne4 Nf6 14.a3 Nbd5 15.Qd3 Ra7
16.Ne5 Nxe4 17.Qxe4 Nf6 18.Qd3 Bb7 19.Bg5 g6 20.Bh6 Re8 21.Ba2 Bd5 22.Bxd5 Qxd5
23.Rac1 Bf8 24.Bxf8 Rxf8 25.Rc5 Qa2 26.b4 Nd7 27.Rc2 Nxe5 28.dxe5 Rd7 29.Qxd7 Qxc2
30.h4 Rc8 31.h5 Qc7 32.Qxc7 Rxc7 33.h6 Kf8 34.Rd1 Ke7 35.Rd6 f6 36.Rxa6 fxe5
37.Rb6 Ra7 38.Rxb5 Rxa3 39.Rb7+ Kf6 40.Rxh7 Kg5 41.Re7 Kxh6 42.Rxe6 Rb3 43.Rxe5  1/2-1/2

[Event "SWZ-chT"]
[Site "SWZ"]
[Date "1999.??.??"]
[Round "2"]
[White "Contin, Daniel"]
[Black "Wolff, Armel David"]
[Result "1-0"]
[WhiteElo "2350"]
[BlackElo "2100"]

1.c4 c6 2.e4 d5 3.exd5 cxd5 4.d4 Nf6 5.Nc3 g6 6.Qb3 Bg7 7.cxd5 O-O 8.Be2 Nbd7
9.Bf3 Nb6 10.Nge2 Bg4 11.Bxg4 Nxg4 12.a4 Qd7 13.a5 Nc8 14.O-O Rd8 15.Bg5 h6
16.Bh4 Nd6 17.h3 Nf6 18.Bxf6 Bxf6 19.Ra4 Rab8 20.Rb4 Qc7 21.Ra1 b6 22.axb6 Rxb6
23.Rxb6 Qxb6 24.Qxb6 axb6 25.Ra4 Rc8 26.Rb4 b5 27.Nxb5 Rb8 28.Nec3 Bg5 29.Rb3 Bd2
30.Nb1 Rxb5 31.Rxb5 Nxb5 32.Nxd2 Nxd4 33.Kf1 Kf8 34.Nc4 Ke8 35.Ke1 Kd7 36.Kd2 e6
37.Kd3 Nb5 38.Ke4 f6 39.b4 Nc3+ 40.Kd4  1-0

[Event "Toulouse op"]
[Site "Toulouse"]
[Date "1999.??.??"]
[Round "5"]
[White "Laurain, Dominique"]
[Black "Cruz Lopez Claret, Carlos"]
[Result "1/2-1/2"]
[WhiteElo "2092"]
[BlackElo "2302"]

1.c4 c6 2.d4 d5 3.cxd5 cxd5 4.Nc3 Nf6 5.Bf4 Nc6 6.e3 Bf5 7.Qb3 Na5 8.Bb5+ Bd7
9.Qa4 e6 10.Bg5 Nc4 11.Bxd7+ Qxd7 12.Qxd7+ Kxd7 13.Bxf6 gxf6 14.b3 Bb4 15.Ne2 Nd6
16.a3 Bxc3+ 17.Nxc3 Rac8 18.Kd2 f5  1/2-1/2

[Event "RUS-Cup"]
[Site "Tula "]
[Date "1999.??.??"]
[Round "2"]
[White "Chuprov, Dmitry"]
[Black "Guliev, Sarhan"]
[Result "1-0"]
[WhiteElo "2400"]
[BlackElo "2486"]

1.c4 c6 2.g3 d5 3.cxd5 cxd5 4.Bg2 Nf6 5.Nf3 Nc6 6.O-O e5 7.d4 e4 8.Ne5 Bd6
9.Bf4 O-O 10.Nc3 Re8 11.Nxc6 bxc6 12.Qd2 Bxf4 13.Qxf4 Qb6 14.Qd2 Rb8 15.b3 Qb4
16.a3 Qd6 17.b4 Ng4 18.Qf4 Qxf4 19.gxf4 e3 20.fxe3 Nxe3 21.Rfc1 Bg4 22.Ra2 Re6
23.Bh1 h5 24.b5 Rc8 25.Nxd5 Nxd5 26.Bxd5 Rg6 27.Bg2 cxb5 28.Rxc8+ Bxc8 29.Kf2 Be6
30.Rd2 Bc4 31.d5 Rd6 32.e4 Kf8 33.Rc2 Rd7 34.Ke3 f5 35.Kd4 fxe4 36.Bxe4 Rd6
37.h4 Rd8 38.Rg2 Bf1 39.Rg1 Bh3 40.Rg6 Rb8 41.Kc5 Re8 42.Kd4 Rb8 43.Ra6 b4
44.Rxa7 b3 45.Ra4 b2 46.Rb4 Ra8 47.Rxb2 Rxa3 48.Rb8+ Ke7 49.Rb7+ Kf6 50.Rb6+ Ke7
51.Ke5 Ra7 52.Rb7+ Rxb7 53.d6+ Kd7 54.Bxb7 Bg4 55.Bd5 Bh3 56.Bc4 Bg4 57.Bb5+ Kd8
58.Bc6 Bh3 59.f5 Bg4 60.Kf4 Bd1 61.Kg5 Bc2 62.Kg6 Bd3 63.Bd5 Kd7 64.Be6+ Kxd6
65.Kxg7  1-0

[Event "RUS-Cup"]
[Site "Tula "]
[Date "1999.??.??"]
[Round "9"]
[White "Shariyazdanov, Andrey"]
[Black "Goloshchapov, Alexander"]
[Result "0-1"]
[WhiteElo "2539"]
[BlackElo "2446"]

1.c4 c6 2.e4 d5 3.exd5 cxd5 4.d4 Nf6 5.Nc3 e6 6.Nf3 Bb4 7.cxd5 Nxd5 8.Bd2 O-O
9.Bd3 Nc6 10.O-O Be7 11.Re1 Ndb4 12.Be4 Nxd4 13.Nxd4 Qxd4 14.Qe2 f5 15.Bb1 Bf6
16.a3 Nc6 17.Ba2 Kh8 18.Rad1 Qc5 19.Be3 Qe7 20.Qc4 Rd8 21.b4 Rxd1 22.Rxd1 Bd7
23.Nb5 b6 24.Nd6 Rd8 25.Nb7 Rf8 26.Nd6 Ne5 27.Qe2 Ba4 28.Rd2 Rd8 29.Nc4 Rc8
30.f4 Nxc4 31.Bxc4 Bc6 32.Ba6 Rd8 33.h3 Rd6 34.Bc4 Qd7 35.Rxd6 Qxd6 36.Qd2 Bd5
37.Bxd5 exd5 38.Qc2 Qd7 39.Qd3 d4 40.Bd2 b5 41.Kf2 g6 42.Qf3 h5 43.Qb3 Kg7  0-1

[Event "FIN-ch"]
[Site "Vammala"]
[Date "1999.??.??"]
[Round "7"]
[White "Keskisarja, Teemu"]
[Black "Karttunen, Mika"]
[Result "1/2-1/2"]
[WhiteElo "2313"]
[BlackElo "2293"]

1.c4 c6 2.Nf3 Nf6 3.e3 g6 4.d4 Bg7 5.Bd3 O-O 6.O-O d6 7.Nc3 Nbd7 8.b3 Re8
9.Bb2 e5 10.dxe5 dxe5 11.Ne4 Qc7 12.h3 Nxe4 13.Bxe4 Nc5 14.Bc2 a5 15.Qd2 f6
16.a3 Be6 17.b4 Na6 18.c5 Qf7 19.Rfd1 Bf8 20.Bc3 Nc7 21.e4 Ra7 22.Bd3 Rea8
23.Qe2 axb4 24.axb4 Ra3 25.Rxa3 Rxa3 26.Be1 Na6 27.Nh2 Ra2 28.Qf1 Nb8 29.Ng4 Nd7
30.Ne3 b5 31.cxb6 Nxb6 32.Rc1 Qd7 33.b5 c5 34.Nc4 Qa7 35.Rb1 Ra4 36.Nxb6 Qxb6
37.Bd2 c4 38.Be3 Qb7 39.Bc2 Ra5 40.b6 Be7 41.Ra1 Ba3 42.Qd1 Ra8 43.Kh2 Kf7
44.f3 Qc6 45.Qe1 Bc8 46.Qc3 Bb4 47.Qb2 Rxa1 48.Qxa1 Bb7 49.Qa7 Be7 50.Ba4 Qc8
51.Bb5 c3 52.Qa2+ Kg7 53.Bc4 Bc5 54.Bxc5 Qxc5 55.Qb3  1/2-1/2

[Event "Vantaa op3"]
[Site "Vantaa"]
[Date "1999.??.??"]
[Round "3"]
[White "Issakainen, Ari"]
[Black "Van Linde, Paul"]
[Result "1-0"]
[WhiteElo "2256"]
[BlackElo "2185"]

1.c4 c6 2.b3 d5 3.Bb2 Bg4 4.g3 Nd7 5.Bg2 Ngf6 6.h3 Bh5 7.Nf3 Bxf3 8.Bxf3 e5
9.O-O Bd6 10.d3 Qe7 11.cxd5 cxd5 12.Nc3 Qe6 13.Nb5 Bb8 14.Ba3 Nb6 15.Rc1 Kd7
16.Bg2 a6 17.Nc3 Bd6 18.Bb2 Rhc8 19.e3 Ke8 20.f4 exf4 21.exf4 Kf8 22.Qd2 Re8
23.Rce1 Qd7 24.Ne2 Bc5+ 25.Kh2 Be3 26.Qb4+ Qe7 27.Qa5 Rac8 28.Nd4 Qd8 29.Ba3+ Kg8
30.Nf5 d4 31.Nd6 Rc2 32.Nxe8 Nxe8 33.Bb4 Qf6 34.Qe5 Qc6 35.Qe4 Nd5 36.Ba3 Nef6
37.Qe5 Ne7 38.Rg1 Bxg1+ 39.Rxg1 Nfd5 40.Bxe7 Nxe7 41.Qxe7  1-0

[Event "JUG-chT (Women)"]
[Site "Vrnjacka Banja"]
[Date "1999.??.??"]
[Round "3"]
[White "Miloradovic, Jelena"]
[Black "Manakova, Maria"]
[Result "1/2-1/2"]
[WhiteElo "2185"]
[BlackElo "2349"]

1.c4 c6 2.e4 d5 3.cxd5 cxd5 4.exd5 Nf6 5.Nc3 Nxd5 6.d4 e6 7.Nf3 Be7 8.Bc4 Nxc3
9.bxc3 O-O 10.Qe2 Nc6 11.O-O b6 12.Bd3 Bb7 13.Be3 Rc8 14.Rac1 Bf6 15.Rfd1 Qe7
16.Nd2 Na5 17.Ne4 Bxe4 18.Bxe4 Nc4 19.Bd3 Qc7 20.Bf4 Qxf4 21.Bxc4 Bxd4 22.cxd4 b5
23.g3 Qh6 24.Rc2 bxc4 25.Rxc4 Rxc4 26.Qxc4 Qh5 27.Rb1 h6 28.Qc5 Qg6  1/2-1/2